Rural Access Index: A Key Development Indicator / (Record no. 2105)
[ view plain ]
| 000 -LEADER | |
|---|---|
| fixed length control field | 00321 a2200097 4500 |
| 082 ## - DEWEY DECIMAL CLASSIFICATION NUMBER | |
| Classification number | 338.1096762 ROB |
| 100 ## - MAIN ENTRY--PERSONAL NAME | |
| Personal name | Roberts, Peter |
| 245 ## - TITLE STATEMENT | |
| Title | Rural Access Index: A Key Development Indicator / |
| Statement of responsibility, etc. | Peter Roberts, Shyam KC, Cordula Rastogi |
| 260 ## - PUBLICATION, DISTRIBUTION, ETC. | |
| Place of publication, distribution, etc. | Washington : |
| Name of publisher, distributor, etc. | The World Bank, |
| Date of publication, distribution, etc. | 2006 |
| 300 ## - PHYSICAL DESCRIPTION | |
| Extent | vii, 27p. : |
| Other physical details | ill. ; |
| Dimensions | 30 cm |
| 650 ## - SUBJECT ADDED ENTRY--TOPICAL TERM | |
| Topical term or geographic name entry element | Rural Access |
| Withdrawn status | Lost status | Damaged status | Not for loan | Permanent Location | Current Location | Shelving location | Date acquired | Total Checkouts | Full call number | Barcode | Date last seen | Price effective from | Koha item type |
|---|---|---|---|---|---|---|---|---|---|---|---|---|---|
| School of Civil and Environmental Engineering (SCEE) | School of Civil and Environmental Engineering (SCEE) | 338.1096762 ROB | NIT-1650 | 01/05/2017 | 01/05/2017 | Book |
